|
|
|
|
| LEADER |
01651nam a2200325 a 4500 |
| 001 |
15485073 |
| 008 |
101024s2009 nyuab 001 0 eng d |
| 010 |
|
|
|a 2008043571
|
| 020 |
|
|
|a 9780131362178
|
| 020 |
|
|
|a 0131362178
|
| 020 |
|
|
|a 9780136044222 (pbk. : alk. paper)
|
| 020 |
|
|
|a 0136044220 (pbk. : alk. paper)
|
| 040 |
|
|
|a DLC
|c DLC
|d BTCTA
|d BAKER
|d YDXCP
|d C#P
|d BWX
|d DLC
|d BD-DhAAL
|
| 082 |
0 |
0 |
|a 620.001/51
|2 22
|
| 100 |
1 |
|
|a Moore, Holly.
|
| 245 |
1 |
0 |
|a MATLAB for engineers /
|c Holly Moore.
|
| 250 |
|
|
|a 2nd ed.
|
| 260 |
|
|
|a New York :
|b Pearson/Prentice Hall,
|c c2009.
|
| 300 |
|
|
|a 624 p. :
|b ill., maps ;
|c 26 cm.
|
| 490 |
1 |
|
|a ESource
|
| 500 |
|
|
|a Includes index.
|
| 541 |
1 |
|
|e 00021394
|
| 505 |
0 |
|
|a About matlab -- Matlab environment -- Built-in matlab functions -- Manipulating matlab matrices -- Plotting -- User-defined functions -- User-controlled input and output -- Logical functions and control structures -- Matrix algebra -- Other kinds of arrays -- Symbolic mathematics -- Numerical techniques -- Advanced graphics.
|
| 650 |
|
0 |
|a Engineering mathematics
|x Data processing.
|
| 630 |
0 |
0 |
|a MATLAB.
|
| 830 |
0 |
|
|a ESource--the Prentice Hall engineering source.
|
| 852 |
4 |
|
|a Ayesha Abed Library
|j General Shelf.
|
| 999 |
|
|
|c 9870
|d 9870
|
| 952 |
|
|
|0 0
|1 0
|2 ddc
|4 0
|6 620_001510000000000_MOO_2009
|7 0
|9 12691
|a BRACUL
|b BRACUL
|c GEN
|d 2010-10-24
|e TRIM EDUCATION
|g 4375.00
|l 10
|m 102
|o 620.00151 MOO
|p 3010021394
|r 2026-05-19
|s 2024-11-04
|t 1
|w 2010-10-24
|y BK
|
| 952 |
|
|
|0 0
|1 0
|2 ddc
|4 0
|6 620_001510000000000_MOO_2009
|7 0
|9 15846
|a BRACUL
|b BRACUL
|c GEN
|d 2011-03-24
|e Parama
|g 5304.00
|l 16
|m 144
|o 620.00151 MOO
|p 3010022219
|r 2026-01-15
|s 2025-10-25
|t 2
|w 2011-03-24
|y BK
|